ՀՀ Գիտությունների ազգային ակադեմիայի հիմնարար գիտական գրադարան  =   Fundamental Scientific Library of NAS RA
Normal view MARC view

Entry Personal Name

Number of records used in: 5

001 - CONTROL NUMBER

  • control field: 1272

003 - CONTROL NUMBER IDENTIFIER

  • control field: AM-YEHGA

005 - DATE AND TIME OF LATEST TRANSACTION

  • control field: 20250617070426.0

008 - FIXED-LENGTH DATA ELEMENTS

  • fixed length control field: 050207 a|ac|n|aab||||||||||||a |n|||||||

040 ## - CATALOGING SOURCE

  • Original cataloging agency: AM-YEHGA

100 1# - HEADING--PERSONAL NAME

  • Personal name: Քամալյան, Գուրգեն Ոսկանի,
  • Dates associated with a name: 1909-1973

400 1# - SEE FROM TRACING--PERSONAL NAME

  • Personal name: Քամալյան, Գ.Ո.
  • Fuller form of name: (Գուրգեն Ոսկանի),
  • Dates associated with a name: 1909-1973

400 1# - SEE FROM TRACING--PERSONAL NAME

  • Personal name: Քամալյան, Գ.
  • Fuller form of name: (Գուրգեն),
  • Dates associated with a name: 1909-1973

400 1# - SEE FROM TRACING--PERSONAL NAME

  • Personal name: Камалян, Гурген Восканович,
  • Dates associated with a name: 1909-1973

400 1# - SEE FROM TRACING--PERSONAL NAME

  • Personal name: Камалян, Г.В.
  • Fuller form of name: (Гурген Восканович),
  • Dates associated with a name: 1909-1973

400 1# - SEE FROM TRACING--PERSONAL NAME

  • Personal name: Kamalyan, Gurgen Voskani,
  • Dates associated with a name: 1909-1973

670 ## - SOURCE DATA FOUND

  • Source citation: Հայկական համառոտ հանրագիտարան, 2003 :
  • Information found: հ.4 (Քամալյան Գուրգեն Ոսկանի (10.3.1909, ք. Շուշի - 9.5.1973, Երևան), կենսաքիմիկոս, գյուղատնտ., կենսաքիմիայի հիմնադիրը ՀՀ-ում: Կենսբ. գիտ. դ-ր (1953), պրոֆ. (1954): ՀԽՍՀ գիտ. վաստ. գործիչ (1960):

670 ## - SOURCE DATA FOUND

  • Source citation: Կոլամինը որպես կենդանիների և բույսերի աճի խթանիչ, 1965 :
  • Information found: տիտղթ. (Գ.Ո. Քամալյան)

670 ## - SOURCE DATA FOUND

  • Source citation: Բիոքիմիա, 1964 :
  • Information found: տիտղթ. (Գ.Ո. Քամալյան)

670 ## - SOURCE DATA FOUND

  • Source citation: Վիտամինները և գյուղատնտեսական կենդանիների ավիտամինոզ հիվանդությունները, 1952 :
  • Information found: տիտղթ. (Գ. Քամալյան)

670 ## - SOURCE DATA FOUND

  • Source citation: Коламин и его биологическое значение, 1960 :
  • Information found: т.л. (Г.В. Камалян)

670 ## - SOURCE DATA FOUND

  • Source citation: Материалы докладов научных конференций института за 1965-66 годы, 1967 :
  • Information found: т.л. (отв. ред. Г.В. Камалян)


ՀՀ ԳԱԱ հիմնարար գիտական գրադարան
ՀՀ,Երևան 0019
Մարշալ Բաղրամյան 24/6
հեռախոս:(374-10) 52-47-50
Հետադարձ կապ

All site content, except where otherwise noted, is licensed under a
Creative Commons License